Divided Islands (inhabited) - Statistics

General Stats
  • This quiz has been taken 12 times
  • The average score is 8 of 10
Answer Stats
Territories Answer % Correct
Indonesia, Malaysia, Brunei Borneo
100%
Dominican Republic, Haiti Hispaniola
100%
Ireland, United Kingdom Ireland
100%
Cyprus, United Kingdom Cyprus
92%
Papua New Guinea, Indonesia New Guinea
92%
France, Netherlands Saint Martin
92%
Indonesia, East Timor Timor
92%
Chile, Argentina Isla Grande de Tierra del Fuego
75%
Indonesia, Malaysia Sebatik Island
8%
Germany, Poland Usedom
8%
No matching quizzes found
Score Distribution
Percent of People with Each Score
Percentile by Number Answered
Your Score History
You have not taken this quiz